| 000 | 00587nam a2200205 a 4500 | ||
|---|---|---|---|
| 001 | 14327 | ||
| 003 | CO-ViMGA | ||
| 008 | 141112s2004 ck r 000 u spa d | ||
| 020 | _a958648573 | ||
| 040 |
_aCO-ViMGA _bspa _cCO-ViMGA |
||
| 082 | 0 | 4 | _a647.94 R637c |
| 100 | 1 |
_aRodriguez V., Ricardo _920969 |
|
| 245 | 1 | 0 | _aCostos aplicados a hoteles y restaurantes |
| 260 |
_aSantafé de Bogotá : _bEcoe, _c1998 |
||
| 300 | _a167 | ||
| 650 | 1 | 4 |
_aADMINISTRACION HOTELERA - ENSEÑANZA _920970 |
| 650 | 1 | 4 |
_aHOTELES - COSTOS _920971 |
| 650 | 1 | 4 |
_aRESTAURANTES - COSTOS _920972 |
| 942 |
_2ddc _cBK |
||
| 999 |
_c25007 _d25007 |
||